Darts Quiz - Easy - Statistics

General Stats
  • This quiz has been taken 221 times
  • The average score is 20 of 32
Answer Stats
Answer % Correct
Snakebite Peter Wright
93%
MVG Michael van Gerwen
91%
Asp Nathan Aspinall
90%
Cool hand Luke Humphries
87%
Noppy Danny Noppert
81%
Flying Scotsman Gary Anderson
81%
Man of the bottle Michael Smith
80%
First smith to win a major Ross Smith
80%
Chizzy Dave Chisnall
78%
Barney Raymond van Barneveld
76%
Ferret Jonny Clayton
70%
Hollywood Chris Dobey
69%
He's bald, He's English Rob Cross
69%
Least popular darts player Gerwyn Price
68%
Dancer Dimitri Van den Bergh
64%
Aussie Damon Heta
61%
Long hair Ryan Searle
61%
Best Northern Irish dart player Josh Rock
57%
Rockstar Joe Cullen
56%
Third Best Northern Irish dart player Brendan Dolan
55%
Second Best Northern Irish dart player Daryl Gurney
55%
German who can beat MvG Gabriel Clemens
55%
The Wall Martin Schindler
54%
Polish Eagle Krzysztof Ratajski
53%
Bad at Maths Jose de Sousa
52%
DVD Dirk van Duijvenbode
51%
Belgian Kim Huybrechts
51%
Bird is the word Stephen Bunting
49%
Brexit James Wade
32%
From Newcastle Callan Rydz
25%
Benefit Cheat Andrew Gilding
23%
Best Nickname in darts Madars Razma
11%
No matching quizzes found
Score Distribution
Percent of People with Each Score
Percentile by Number Answered
Your Score History
You have not taken this quiz